sentinent flock surveillance of avian influenza a/h5n1 in prey veng province, ការអង្កេតតាមដានឃ្លាំមមើលជំងឺផ្តាសសាយបក្សីប្រភេទ A/H5N1 លើហ្វូងទាក្នុងខរត្តព្រៃវែង. (Record no. 2511)

000 -LEADER
fixed length control field 00654nam a22001577a 4500
003 - CONTROL NUMBER IDENTIFIER
control field OSt
005 - DATE AND TIME OF LATEST TRANSACTION
control field 20151022102500.0
008 - FIXED-LENGTH DATA ELEMENTS--GENERAL INFORMATION
fixed length control field 151022b xxu||||| |||| 00| 0 eng d
040 ## - CATALOGING SOURCE
Transcribing agency RUA
082 ## - DEWEY DECIMAL CLASSIFICATION NUMBER
Classification number AVM
100 ## - MAIN ENTRY--PERSONAL NAME
9 (RLIN) 2682
Personal name HPOUNG, PHANIT.
245 ## - TITLE STATEMENT
Title sentinent flock surveillance of avian influenza a/h5n1 in prey veng province, ការអង្កេតតាមដានឃ្លាំមមើលជំងឺផ្តាសសាយបក្សីប្រភេទ A/H5N1 លើហ្វូងទាក្នុងខរត្តព្រៃវែង.
260 ## - PUBLICATION, DISTRIBUTION, ETC. (IMPRINT)
Place of publication, distribution, etc. phnom phen
Name of publisher, distributor, etc. RUA
Date of publication, distribution, etc. 2012
300 ## - PHYSICAL DESCRIPTION
Extent viii,36p.
Other physical details ill.
Dimensions 29cm.
942 ## - ADDED ENTRY ELEMENTS (KOHA)
Source of classification or shelving scheme
Koha item type AVM

No items available.

មជ្ឈមណ្ឌលឯការនៃសាកលវិទ្យាល័យភូមិន្ទកសិកម្មចំការដូង

Powered by Koha